[Event "GER-chB Seniors 26th"]
[Site "Bad Neuenahr"]
[Date "2014.08.09"]
[Round "5"]
[White "Spaete, Erwin"]
[Black "Wesnigk, Karl Heinz"]
[Result "1/2-1/2"]
[WhiteElo "1852"]
[BlackElo "1905"]
[PlyCount "71"]
[EventDate "2014.08.05"]
[EventType "swiss"]
[EventRounds "9"]
[EventCountry "GER"]
[SourceTitle "EXT 2018"]
[Source "ChessBase"]
[SourceDate "2017.10.13"]
[SourceVersion "1"]
[SourceVersionDate "2017.10.13"]
[SourceQuality "1"]

1. d4 c5 2. d5 g6 3. e4 d6 4. Bd3 Bg7 5. Nc3 Nf6 6. Bg5 h6 7. Bd2 Nbd7 8. f4 Nb6 9. Nf3 e6 10. dxe6 Bxe6 11. f5 gxf5 12. exf5 Bd7 13. 0-0 0-0 14. Qe1 c4 15. Be4 d5 16. Rd1 dxe4 17. Nxe4 Nxe4 18. Qxe4 Qc8 19. Nd4 Qc5 20. c3 Nd5 21. Qh4 Qb6 22. g4 Bxd4+ 23. cxd4 Qxd4+ 24. Rf2 Bxf5 25. Qxh6 Bg6 26. Qg5 Rfe8 27. h3 Qe5 28. Qh4 Bd3 29. g5 Qh8 30. Qg3 Qe5 31. Qf3 Bg6 32. h4 Qe4 33. Qh3 Bh5 34. Rdf1 Qg4+ 35. Qxg4 Bxg4 36. Rxf7 1/2-1/2

[Event "GER-chB Seniors 26th"]
[Site "Bad Neuenahr"]
[Date "2014.08.05"]
[Round "1"]
[White "Spaete, Erwin"]
[Black "Maczollek, Helmut"]
[Result "1-0"]
[WhiteElo "1852"]
[BlackElo "1592"]
[PlyCount "33"]
[EventDate "2014.08.05"]
[EventType "swiss"]
[EventRounds "9"]
[EventCountry "GER"]
[SourceTitle "EXT 2018"]
[Source "ChessBase"]
[SourceDate "2017.10.13"]
[SourceVersion "1"]
[SourceVersionDate "2017.10.13"]
[SourceQuality "1"]

1. d4 d5 2. Nc3 Nf6 3. Bg5 e6 4. Bxf6 Qxf6 5. e4 dxe4 6. Nxe4 Qd8 7. Nf3 Be7 8. Ne5 Qd5 9. Bd3 Qxd4 10. Bb5+ Bd7 11. Qxd4 Bxb5 12. 0-0-0 0-0 13. f4 f6 14. Nf3 c5 15. Qe3 Bc6 16. Nxc5 b6 17. Nxe6 1-0

[Event "Niedersachsen-ch Seniors op 11th"]
[Site "Bad Bevensen"]
[Date "2008.07.16"]
[Round "9"]
[White "Spaete, Erwin"]
[Black "Baeumcher, Karl"]
[Result "1-0"]
[WhiteElo "1605"]
[BlackElo "1437"]
[PlyCount "49"]
[EventDate "2008.07.08"]
[EventType "swiss"]
[EventRounds "9"]
[EventCountry "GER"]
[SourceTitle "EXT 2022"]
[Source "ChessBase"]
[SourceDate "2021.10.06"]
[SourceVersion "1"]
[SourceVersionDate "2021.10.06"]
[SourceQuality "1"]

1. d4 d5 2. Nc3 e6 3. e4 dxe4 4. Nxe4 c6 5. Nf3 Nd7 6. Bd3 Be7 7. 0-0 h6 8. c3 Ngf6 9. Re1 0-0 10. Bf4 Nxe4 11. Bxe4 Nf6 12. Bc2 b5 13. Ne5 Bb7 14. Qd3 a6 15. Ng4 g6 16. Nxh6+ Kh8 17. Be5 c5 18. Qh3 Kg7 19. Ng4 Rh8 20. Qg3 cxd4 21. Rad1 Rh5 22. Rxd4 Qf8 23. Rd7 Rg5 24. Rxb7 Kg8 25. h3 1-0

[Event "Niedersachsen-ch Seniors op 11th"]
[Site "Bad Bevensen"]
[Date "2008.07.12"]
[Round "5"]
[White "Spaete, Erwin"]
[Black "Luebbers, Doris"]
[Result "1-0"]
[WhiteElo "1605"]
[BlackElo "1334"]
[PlyCount "37"]
[EventDate "2008.07.08"]
[EventType "swiss"]
[EventRounds "9"]
[EventCountry "GER"]
[SourceTitle "EXT 2022"]
[Source "ChessBase"]
[SourceDate "2021.10.06"]
[SourceVersion "1"]
[SourceVersionDate "2021.10.06"]
[SourceQuality "1"]

1. d4 d5 2. Nc3 Nf6 3. Bg5 Nbd7 4. f3 c6 5. e4 dxe4 6. fxe4 Qc7 7. Nf3 e6 8. Bd3 Be7 9. 0-0 Nb6 10. e5 Nfd5 11. Bxe7 Qxe7 12. Ne4 0-0 13. Qd2 Nd7 14. Nd6 c5 15. Bxh7+ Kxh7 16. Ng5+ Kg8 17. Ndxf7 cxd4 18. Qd3 Rxf7 19. Qh7+ 1-0

[Event "Niedersachsen-ch Seniors op 10th"]
[Site "Bad Bevensen"]
[Date "2007.07.10"]
[Round "8"]
[White "Reinke, Kurt"]
[Black "Spaete, Erwin"]
[Result "1-0"]
[WhiteElo "1861"]
[BlackElo "1595"]
[PlyCount "111"]
[EventDate "2007.07.03"]
[EventType "swiss"]
[EventRounds "9"]
[EventCountry "GER"]
[SourceTitle "EXT 2022"]
[Source "ChessBase"]
[SourceDate "2021.10.06"]
[SourceVersion "1"]
[SourceVersionDate "2021.10.06"]
[SourceQuality "1"]

1. d4 Nf6 2. c4 g6 3. Nc3 Bg7 4. e4 d6 5. f3 0-0 6. Be3 e5 7. Nge2 Nc6 8. d5 Ne7 9. Qd2 c6 10. Ng3 cxd5 11. cxd5 Nd7 12. Bh6 f5 13. Bxg7 Kxg7 14. exf5 Nxf5 15. Nxf5+ Rxf5 16. 0-0-0 a6 17. Bd3 Rf4 18. Be4 Nc5 19. g3 Nxe4 20. fxe4 Rf8 21. Rdf1 Bh3 22. Rxf8 Qxf8 23. Qe3 Qd8 24. Kb1 Rc8 25. Rg1 Bd7 26. Rf1 Rc4 27. Qf3 Qe7 28. h4 b5 29. b3 Rc8 30. h5 b4 31. h6+ Kg8 32. Ne2 Bb5 33. Rf2 Bxe2 34. Qxe2 Qg5 35. Rf1 Qxh6 36. Qxa6 Rf8 37. Rc1 Qe3 38. Qc4 Qxg3 39. Qxb4 Qd3+ 40. Ka1 Qa6 41. a4 Rf2 42. Qb5 Qa7 43. Qd3 Qb6 44. Qc3 Rf8 45. a5 Ra8 46. b4 Qb5 47. Qa3 Qb8 48. Rc4 Qf8 49. Kb2 g5 50. Qa4 Rb8 51. Qd7 Rd8 52. Qe6+ Kh8 53. Rc7 Re8 54. Qh3 Qf2+ 55. Kb3 Qh4 56. Qd7 1-0

[Event "Niedersachsen-ch Seniors op 10th"]
[Site "Bad Bevensen"]
[Date "2007.07.09"]
[Round "7"]
[White "Spaete, Erwin"]
[Black "Wolf, Burghard"]
[Result "1-0"]
[WhiteElo "1595"]
[BlackElo "1661"]
[PlyCount "59"]
[EventDate "2007.07.03"]
[EventType "swiss"]
[EventRounds "9"]
[EventCountry "GER"]
[SourceTitle "EXT 2022"]
[Source "ChessBase"]
[SourceDate "2021.10.06"]
[SourceVersion "1"]
[SourceVersionDate "2021.10.06"]
[SourceQuality "1"]

1. d4 Nf6 2. Nc3 d5 3. Bg5 Nbd7 4. f3 e6 5. e4 h6 6. Bh4 g5 7. Bf2 dxe4 8. fxe4 Bb4 9. Bd3 b6 10. Nge2 Bb7 11. 0-0 Rc8 12. a3 Be7 13. e5 Nd5 14. Ne4 c5 15. c3 f5 16. exf6 N7xf6 17. Nxf6+ Nxf6 18. Bg6+ Kf8 19. Bg3 Kg7 20. Bc2 Qd5 21. Rf3 c4 22. Be5 Rhf8 23. Ng3 Kg8 24. Qe2 Qd7 25. Rf2 Bd5 26. Raf1 Qd8 27. Bb1 Rf7 28. Qc2 Qf8 29. Bxf6 Bxf6 30. Rxf6 1-0

[Event "Niedersachsen-ch Seniors op 10th"]
[Site "Bad Bevensen"]
[Date "2007.07.08"]
[Round "6"]
[White "Kampfrath, Siegfried"]
[Black "Spaete, Erwin"]
[Result "0-1"]
[WhiteElo "1559"]
[BlackElo "1595"]
[PlyCount "58"]
[EventDate "2007.07.03"]
[EventType "swiss"]
[EventRounds "9"]
[EventCountry "GER"]
[SourceTitle "EXT 2022"]
[Source "ChessBase"]
[SourceDate "2021.10.06"]
[SourceVersion "1"]
[SourceVersionDate "2021.10.06"]
[SourceQuality "1"]

1. e4 c6 2. d4 d5 3. e5 Bf5 4. Bd3 Bxd3 5. Qxd3 e6 6. c3 c5 7. b3 Nc6 8. Nf3 Nge7 9. Bg5 h6 10. Bxe7 Bxe7 11. 0-0 Qb6 12. Nbd2 0-0 13. Kh1 a5 14. a4 cxd4 15. cxd4 Bb4 16. Rfd1 Rac8 17. Nb1 Na7 18. h3 Rc7 19. Nh2 Rfc8 20. Ng4 Rc1 21. Rxc1 Rxc1+ 22. Kh2 Qc6 23. Nf6+ gxf6 24. Qg3+ Kf8 25. exf6 Bd6 26. f4 Qc7 27. Qg7+ Ke8 28. Qg8+ Bf8 29. Qg3 Nc6 0-1

[Event "Hessen-ch Seniors op 03rd"]
[Site "Bad Sooden-Allendorf"]
[Date "2007.05.06"]
[Round "9"]
[White "Rollwitz, Juergen"]
[Black "Spaete, Erwin"]
[Result "1/2-1/2"]
[WhiteElo "1791"]
[BlackElo "1652"]
[PlyCount "27"]
[EventDate "2007.04.27"]
[EventType "swiss"]
[EventRounds "9"]
[EventCountry "GER"]
[SourceTitle "EXT 2022"]
[Source "ChessBase"]
[SourceDate "2021.10.06"]
[SourceVersion "1"]
[SourceVersionDate "2021.10.06"]
[SourceQuality "1"]

1. c4 Nf6 2. g3 d5 3. d4 dxc4 4. Bg2 c6 5. Nc3 e6 6. Bg5 Be7 7. Bxf6 Bxf6 8. e3 Nd7 9. Nge2 Nb6 10. 0-0 0-0 11. Qc2 Nd5 12. Ne4 Nb6 13. Nd2 e5 14. Nxc4 1/2-1/2

[Event "Hessen-ch Seniors op 03rd"]
[Site "Bad Sooden-Allendorf"]
[Date "2007.05.04"]
[Round "7"]
[White "Becker, Guenter"]
[Black "Spaete, Erwin"]
[Result "0-1"]
[WhiteElo "1565"]
[BlackElo "1652"]
[PlyCount "70"]
[EventDate "2007.04.27"]
[EventType "swiss"]
[EventRounds "9"]
[EventCountry "GER"]
[SourceTitle "EXT 2022"]
[Source "ChessBase"]
[SourceDate "2021.10.06"]
[SourceVersion "1"]
[SourceVersionDate "2021.10.06"]
[SourceQuality "1"]

1. c4 e5 2. g3 Nf6 3. Bg2 Bc5 4. Nc3 d6 5. e3 Nc6 6. Nge2 0-0 7. h3 Bf5 8. 0-0 Bd3 9. b3 Qc8 10. Bb2 Rb8 11. a3 Qf5 12. b4 Bb6 13. Rc1 Bxc4 14. e4 Qh5 15. d3 Be6 16. Nd5 Bxh3 17. Nxf6+ gxf6 18. b5 Nd8 19. Nc3 Qxd1 20. Rfxd1 Bg4 21. Rd2 Ba5 22. f3 Bh5 23. Rdc2 c6 24. f4 Ne6 25. Ne2 Bxe2 26. Rxe2 cxb5 27. Rec2 Nc5 28. Bf1 Bb6 29. Kg2 a5 30. Kf3 Ne6 31. Kg4 Kh8 32. Kf5 Kg7 33. Be2 Bd4 34. Bg4 Bxb2 35. Rxb2 Nd4# 0-1

[Event "Niedersachsen-ch Seniors op 09th"]
[Site "Bad Bevensen"]
[Date "2006.07.02"]
[Round "9"]
[White "Spaete, Erwin"]
[Black "Burreh, Heinz"]
[Result "1-0"]
[WhiteElo "1659"]
[BlackElo "1759"]
[PlyCount "85"]
[EventDate "2006.06.24"]
[EventType "swiss"]
[EventRounds "9"]
[EventCountry "GER"]
[SourceTitle "EXT 2022"]
[Source "ChessBase"]
[SourceDate "2021.10.06"]
[SourceVersion "1"]
[SourceVersionDate "2021.10.06"]
[SourceQuality "1"]

1. d4 Nf6 2. g4 d5 3. g5 Ne4 4. f3 Nd6 5. Nc3 c6 6. e4 dxe4 7. fxe4 g6 8. Be3 Bg7 9. Qd2 b5 10. Bd3 Bg4 11. h3 Bh5 12. Nce2 Bxe2 13. Nxe2 Nd7 14. e5 Nc4 15. Bxc4 bxc4 16. 0-0-0 Rb8 17. h4 Nb6 18. Nc3 Nd5 19. Nxd5 cxd5 20. h5 Qb6 21. c3 gxh5 22. Rxh5 f6 23. Rdh1 fxg5 24. Rxh7 Rxh7 25. Rxh7 Qg6 26. Qh2 Rb6 27. Qh5 g4 28. Qh1 Qf7 29. Qg2 Rg6 30. Rh1 Qe6 31. Rf1 Kd7 32. b3 Qc6 33. Kb2 a5 34. Rf5 Qb5 35. Rg5 Rxg5 36. Bxg5 cxb3 37. axb3 e6 38. Qxg4 Bf8 39. Qh5 Qb8 40. Qf7+ Kc6 41. Qxe6+ Kc7 42. Qxd5 a4 43. Qc4+ 1-0

[Event "Hessen-ch Seniors op 02nd"]
[Site "Bad Sooden-Allendorf"]
[Date "2006.04.28"]
[Round "4"]
[White "Simon, Eberhard"]
[Black "Spaete, Erwin"]
[Result "0-1"]
[WhiteElo "1747"]
[BlackElo "1612"]
[PlyCount "46"]
[EventDate "2006.04.25"]
[EventType "swiss"]
[EventRounds "9"]
[EventCountry "GER"]
[SourceTitle "EXT 2007"]
[Source "ChessBase"]
[SourceDate "2006.11.23"]
[SourceVersion "1"]
[SourceVersionDate "2006.11.23"]
[SourceQuality "1"]

1. e4 c6 2. d4 d5 3. Nd2 dxe4 4. Nxe4 Nf6 5. Nxf6+ gxf6 6. Bc4 Bf5 7. Nf3 Rg8 8. Nh4 Bg4 9. Qd3 Qa5+ 10. c3 Qh5 11. g3 Nd7 12. Bb3 0-0-0 13. Qc4 e6 14. Qa4 Kb8 15. Bf4+ e5 16. Be3 exd4 17. Qxd4 Bc5 18. Qf4+ Ka8 19. 0-0 Bh3 20. Rfe1 Rg4 21. Qc7 Rdg8 22. Bxc5 Rxh4 23. Re7 Qf3 0-1

[Event "Hessen-ch Seniors op 02nd"]
[Site "Bad Sooden-Allendorf"]
[Date "2006.04.27"]
[Round "3"]
[White "Spaete, Erwin"]
[Black "Rose, Heinrich"]
[Result "1/2-1/2"]
[WhiteElo "1612"]
[BlackElo "1509"]
[PlyCount "45"]
[EventDate "2006.04.25"]
[EventType "swiss"]
[EventRounds "9"]
[EventCountry "GER"]
[SourceTitle "EXT 2007"]
[Source "ChessBase"]
[SourceDate "2006.11.23"]
[SourceVersion "1"]
[SourceVersionDate "2006.11.23"]
[SourceQuality "1"]

1. d4 Nf6 2. g4 e6 3. g5 Ne4 4. h4 d5 5. Bg2 Nc6 6. Bxe4 dxe4 7. e3 h6 8. g6 fxg6 9. Qg4 Qf6 10. Qxe4 Qf5 11. Qxf5 gxf5 12. Ne2 Bd6 13. a3 a6 14. Nbc3 Bd7 15. Bd2 0-0-0 16. 0-0-0 g5 17. d5 Ne5 18. dxe6 Bxe6 19. Nd4 Bd7 20. hxg5 hxg5 21. f4 gxf4 22. exf4 Nc4 23. Rhf1 1/2-1/2

[Event "Niederrhein-ch"]
[Site "Niederrhein"]
[Date "2006.04.14"]
[Round "8.8"]
[White "Spaete, Erwin"]
[Black "Robotka, Matthias"]
[Result "1-0"]
[WhiteElo "1694"]
[BlackElo "1737"]
[PlyCount "69"]
[EventDate "2006.04.07"]
[EventType "swiss"]
[EventRounds "9"]
[EventCountry "GER"]
[SourceTitle "CBM 111 Extra"]
[Source "ChessBase"]
[SourceDate "2006.05.09"]
[SourceVersion "1"]
[SourceVersionDate "2006.05.09"]
[SourceQuality "1"]

1. d4 Nf6 2. g4 Nxg4 3. e4 d5 4. f3 Nh6 5. Bxh6 gxh6 6. e5 Bf5 7. Bd3 Bg6 8. Qe2 c6 9. Nd2 e6 10. 0-0-0 b5 11. Nh3 a5 12. Nf4 Na6 13. Nxg6 hxg6 14. a4 bxa4 15. Bxa6 a3 16. b3 Qb6 17. Bd3 Qb4 18. Nc4 dxc4 19. Bxc4 a2 20. Kb2 Qa3+ 21. Ka1 Bb4 22. Qd3 0-0-0 23. c3 c5 24. cxb4 Rxd4 25. Ba6+ Kc7 26. Qb5 Qxb4 27. Rxd4 Qxb5 28. Bxb5 cxd4 29. Kxa2 Kb6 30. Bc4 Kc5 31. Kb2 a4 32. Rc1 Kb4 33. Bd3 axb3 34. Rc4+ Ka5 35. Rxd4 1-0

[Event "Niederrhein-ch"]
[Site "Niederrhein"]
[Date "2006.04.12"]
[Round "6.11"]
[White "Zickau, Norbert"]
[Black "Spaete, Erwin"]
[Result "1/2-1/2"]
[WhiteElo "1691"]
[BlackElo "1694"]
[PlyCount "42"]
[EventDate "2006.04.07"]
[EventType "swiss"]
[EventRounds "9"]
[EventCountry "GER"]
[SourceTitle "CBM 111 Extra"]
[Source "ChessBase"]
[SourceDate "2006.05.09"]
[SourceVersion "1"]
[SourceVersionDate "2006.05.09"]
[SourceQuality "1"]

1. c4 e5 2. Nc3 Nf6 3. Nf3 Nc6 4. a3 d5 5. cxd5 Nxd5 6. e3 Nxc3 7. bxc3 e4 8. Nd4 Nxd4 9. cxd4 Be7 10. Be2 0-0 11. 0-0 Be6 12. d3 f5 13. Bb2 Kh8 14. Qc2 Bd5 15. f3 Bg5 16. f4 Be7 17. dxe4 fxe4 18. a4 Rc8 19. Bg4 Rb8 20. Ba3 Rf6 21. Rfc1 Rc6 1/2-1/2

[Event "Niederrhein-ch"]
[Site "Niederrhein"]
[Date "2006.04.08"]
[Round "2.10"]
[White "Biessner, Eberhard"]
[Black "Spaete, Erwin"]
[Result "1-0"]
[WhiteElo "1816"]
[BlackElo "1694"]
[PlyCount "55"]
[EventDate "2006.04.07"]
[EventType "swiss"]
[EventRounds "9"]
[EventCountry "GER"]
[SourceTitle "CBM 111 Extra"]
[Source "ChessBase"]
[SourceDate "2006.05.09"]
[SourceVersion "1"]
[SourceVersionDate "2006.05.09"]
[SourceQuality "1"]

1. e4 c6 2. d4 d5 3. exd5 cxd5 4. Bd3 Nf6 5. Ne2 Bg4 6. c3 e6 7. Qa4+ Nbd7 8. Ng3 Be7 9. Bg5 0-0 10. Nd2 a6 11. Qb3 b5 12. a4 bxa4 13. Rxa4 Rb8 14. Qa2 Qb6 15. f3 Bxf3 16. Nxf3 Qxb2 17. Qxb2 Rxb2 18. Rxa6 Rxg2 19. Bd2 Ng4 20. Ra7 Rd8 21. Bb5 Rb8 22. Bd3 Rd8 23. Bf1 Rf2 24. Be2 Rb8 25. Rf1 Rb1+ 26. Bd1 Rxf1+ 27. Nxf1 Ngf6 28. Ne5 1-0

[Event "Duesseldorf-ch"]
[Site "Duesseldorf"]
[Date "2005.11.18"]
[Round "8.12"]
[White "Nierobisch, Gregor"]
[Black "Spaete, Erwin"]
[Result "1/2-1/2"]
[WhiteElo "1603"]
[BlackElo "1445"]
[PlyCount "58"]
[EventDate "2005.09.02"]
[EventType "swiss"]
[EventRounds "9"]
[EventCountry "GER"]
[SourceTitle "EXT 2006"]
[Source "ChessBase"]
[SourceDate "2005.11.24"]
[SourceVersion "1"]
[SourceVersionDate "2005.11.24"]
[SourceQuality "1"]

1. e4 c6 2. d4 d5 3. e5 c5 4. Nf3 Nc6 5. Be2 Bg4 6. Be3 e6 7. h3 Bh5 8. 0-0 Nge7 9. c3 Nf5 10. Bg5 f6 11. exf6 gxf6 12. Bf4 Bg6 13. Re1 Qb6 14. b3 0-0-0 15. Bd3 Bd6 16. Bxd6 Rxd6 17. Na3 cxd4 18. Nb5 Ne5 19. Nxd6+ Qxd6 20. Nxe5 fxe5 21. cxd4 e4 22. Rc1+ Kb8 23. Bf1 Qb6 24. Rc5 Qb4 25. Rb5 Qxd4 26. Qxd4 Nxd4 27. Rc5 Rg8 28. Re3 b6 29. Rcc3 Nf5 1/2-1/2

[Event "Lipperland Seniors op 4th"]
[Site "Doerentrup"]
[Date "2005.06.03"]
[Round "9.13"]
[White "Spaete, Erwin"]
[Black "Polifka, Wilfried"]
[Result "0-1"]
[WhiteElo "1594"]
[BlackElo "1921"]
[PlyCount "66"]
[EventDate "2005.05.26"]
[EventType "swiss"]
[EventRounds "9"]
[EventCountry "GER"]
[SourceTitle "EXT 2006"]
[Source "ChessBase"]
[SourceDate "2005.11.24"]
[SourceVersion "1"]
[SourceVersionDate "2005.11.24"]
[SourceQuality "1"]

1. d4 e6 2. e4 b6 3. Nc3 Bb7 4. Nf3 Bb4 5. e5 c5 6. a3 Ba5 7. dxc5 bxc5 8. Be2 Nc6 9. 0-0 Bc7 10. Nb5 Nxe5 11. Nd6+ Bxd6 12. Qxd6 Nxf3+ 13. Bxf3 Bxf3 14. gxf3 Qf6 15. Be3 Ne7 16. Rad1 0-0 17. Bxc5 Nf5 18. Qf4 Rfc8 19. Bb4 Qxb2 20. Rxd7 Rxc2 21. Qe4 Rac8 22. Rxa7 Qf6 23. Rd1 h5 24. Ra8 Nh4 25. Rxc8+ Rxc8 26. f4 e5 27. fxe5 Nf3+ 28. Kh1 Nxe5 29. Rd2 Rc1+ 30. Kg2 Qg5+ 31. Kh3 Rc4 32. Rd4 Rxd4 33. Qxd4 Nf3 0-1

[Event "Lipperland Seniors op 4th"]
[Site "Doerentrup"]
[Date "2005.05.31"]
[Round "6.14"]
[White "Spaete, Erwin"]
[Black "Heslenfeld, Peter Hermann"]
[Result "0-1"]
[WhiteElo "1594"]
[BlackElo "2116"]
[PlyCount "82"]
[EventDate "2005.05.26"]
[EventType "swiss"]
[EventRounds "9"]
[EventCountry "GER"]
[SourceTitle "EXT 2006"]
[Source "ChessBase"]
[SourceDate "2005.11.24"]
[SourceVersion "1"]
[SourceVersionDate "2005.11.24"]
[SourceQuality "1"]

1. d4 d5 2. e4 dxe4 3. Nc3 Nf6 4. f3 Bf5 5. Bc4 e6 6. fxe4 Nxe4 7. Nf3 Bb4 8. 0-0 c6 9. Nxe4 Bxe4 10. c3 Be7 11. Ne5 Bf6 12. Qh5 Qe7 13. Ng4 Nd7 14. Be3 Bg6 15. Nxf6+ Nxf6 16. Qe5 h6 17. Rf4 0-0-0 18. d5 Nxd5 19. Bxa7 Qc7 20. Qxc7+ Kxc7 21. Bxd5 Rxd5 22. Rb4 e5 23. a4 Re8 24. a5 Rb5 25. Rxb5 cxb5 26. Bb6+ Kc6 27. Rd1 f5 28. b4 f4 29. Bc5 Be4 30. Kf2 Bd5 31. g3 g5 32. gxf4 gxf4 33. Rg1 e4 34. Rg6+ Re6 35. Rxe6+ Bxe6 36. Bf8 e3+ 37. Ke1 Kd5 38. Bxh6 Ke4 39. Bg7 f3 40. Bd4 f2+ 41. Ke2 Bc4+ 0-1

[Event "Hessen-ch Seniors op 01st"]
[Site "Bad Sooden-Allendorf"]
[Date "2005.04.29"]
[Round "8"]
[White "Koch, Horst"]
[Black "Spaete, Erwin"]
[Result "1/2-1/2"]
[WhiteElo "1518"]
[BlackElo "1594"]
[PlyCount "93"]
[EventDate "2005.04.22"]
[EventType "swiss"]
[EventRounds "9"]
[EventCountry "GER"]
[SourceTitle "EXT 2007"]
[Source "ChessBase"]
[SourceDate "2006.11.23"]
[SourceVersion "1"]
[SourceVersionDate "2006.11.23"]
[SourceQuality "1"]

1. f4 e5 2. fxe5 d6 3. exd6 Bxd6 4. Nf3 g5 5. g3 g4 6. Nh4 Ne7 7. d4 Nbc6 8. c3 Ng6 9. Nxg6 hxg6 10. Qd3 Qe7 11. Bg2 Bd7 12. Bf4 Bxf4 13. gxf4 0-0-0 14. e4 Rh6 15. Qg3 f5 16. e5 g5 17. Nd2 gxf4 18. Qxf4 Qh4+ 19. Qg3 f4 20. Qxh4 Rxh4 21. Be4 Rdh8 22. 0-0-0 Rxh2 23. Rxh2 Rxh2 24. Nf1 Rf2 25. Nd2 Rh2 26. Rh1 Rxh1+ 27. Bxh1 Bf5 28. Kd1 f3 29. Nf1 Ne7 30. Ng3 Bb1 31. a3 Nd5 32. Ke1 Bg6 33. Kf2 Kd7 34. Bxf3 gxf3 35. Kxf3 Ke6 36. c4 Nb6 37. b3 c6 38. Ne4 Bxe4+ 39. Kxe4 a5 40. a4 Nd7 41. d5+ cxd5+ 42. cxd5+ Ke7 43. Kd4 b6 44. e6 Nc5 45. Kc4 Kd6 46. Kb5 Nxb3 47. Kxb6 1/2-1/2

[Event "Hessen-ch Seniors op 01st"]
[Site "Bad Sooden-Allendorf"]
[Date "2005.04.25"]
[Round "4"]
[White "Melzig, Ernst"]
[Black "Spaete, Erwin"]
[Result "1-0"]
[WhiteElo "1365"]
[BlackElo "1594"]
[PlyCount "115"]
[EventDate "2005.04.22"]
[EventType "swiss"]
[EventRounds "9"]
[EventCountry "GER"]
[SourceTitle "EXT 2007"]
[Source "ChessBase"]
[SourceDate "2006.11.23"]
[SourceVersion "1"]
[SourceVersionDate "2006.11.23"]
[SourceQuality "1"]

1. e4 c6 2. Nf3 d5 3. exd5 cxd5 4. d4 Nc6 5. Bb5 Bg4 6. Nbd2 Nf6 7. c4 dxc4 8. Nxc4 Qd5 9. Bxc6+ Qxc6 10. Nce5 Qb5 11. Nxg4 Nxg4 12. Qe2 Qxe2+ 13. Kxe2 e6 14. h3 Nf6 15. Kd3 Be7 16. Bg5 Nd5 17. Bxe7 Kxe7 18. g3 Rac8 19. a3 Rc7 20. Rac1 Rhc8 21. Rxc7+ Rxc7 22. Ne5 f6 23. Nc4 b5 24. Ne3 Nb6 25. b3 a5 26. h4 Kd6 27. f4 b4 28. axb4 axb4 29. Nc4+ Kc6 30. Rc1 Nd5 31. Na5+ Kd7 32. Nc4 h5 33. Ra1 Ke7 34. Re1 Kf7 35. Nd6+ Ke7 36. Nc4 Ra7 37. f5 Ra6 38. fxe6 Rxe6 39. Ra1 Rc6 40. Ra7+ Rc7 41. Ra5 Nc3 42. Rxh5 Kf7 43. Rc5 Re7 44. Nd6+ Kg6 45. h5+ Kh7 46. Nf5 Rb7 47. d5 g6 48. hxg6+ Kxg6 49. Nh4+ Kg5 50. d6+ Kg4 51. Rc7 Rb8 52. Rg7+ Kh3 53. Nf5 Rd8 54. Rf7 Nd5 55. Kd4 Kg4 56. Kxd5 Kxf5 57. d7 Kg6 58. Ke6 1-0